Joueurs passés par le FC Liverpool - Mort subite - Statistiques

Statistiques générales
  • Ce quiz a été pris 840 fois
  • Le résultat moyen est 16 sur 20
Answers on the Grid
Answers color-coded by a green-red scale on the quiz's grid according to % correct below.
Mohamed Salah
Sadio Mané
Harvey Elliott
Andrew Robertson
Virgil van Dijk
Loris Karius
Djibril Cissé
Ryan Gravenberch
Darwin Núñez
Ian Rush
James Milner
Steven Gerrard
Raheem Sterling
Federico Chiesa
Fernando Torres
Mamadou Sakho
Emre Can
Xherdan Shaqiri
Philippe Coutinho
Nicolas Anelka
Yannick Carrasco
Cristiano Ronaldo
Edgar Davids
Clint Dempsey
Jarrod Bowen
Mason Mount
Ollie Watkins
Davide Zappacosta
Bertrand Traoré
Idrissa Gueye
Scott McTominay
Miroslav Klose
Séamus Coleman
Dayot Upamecano
Stephan Lichtsteiner
Wilfred Ndidi
 
Statistiques - réponses
Réponse % Correct
Mohamed Salah
89%
Sadio Mané
89%
Virgil van Dijk
89%
Darwin Núñez
88%
Philippe Coutinho
87%
Steven Gerrard
87%
Andrew Robertson
84%
Fernando Torres
83%
Harvey Elliott
83%
James Milner
82%
Federico Chiesa
81%
Ryan Gravenberch
81%
Loris Karius
80%
Xherdan Shaqiri
80%
Raheem Sterling
76%
Mamadou Sakho
72%
Djibril Cissé
70%
Emre Can
69%
Ian Rush
62%
Nicolas Anelka
42%
Aucun quiz correspondant
Distribution des résultats
% des personnes avec chaque résultat
Percentile par nombre de réponses
Votre historique - résultats
Vous n’avez pas pris ce quiz